Music Quiz

Random Music or Song Quiz

The Last Word: Female Singers Quiz Stats

 Plays Quiz Updated Dec 23, 2015

Challenge
Share
Tweet
Embed
Score 0/36 Timer 05:00
17 Plays Today
Hint Answer % Correct
BeyoncéLove
98.2%
Katy PerryGirl
97.7%
Britney SpearsTime
97.4%
Britney SpearsAgain
97.2%
Lady GagaFace
95.8%
ShakiraLie
94%
Christina AguileraBottle
93.9%
Shania TwainWoman
90%
Shania TwainOne
85.5%
BeyoncéBoy
83.8%
Christina AguileraWants
82.9%
Katy PerryDream
81.4%
MadonnaPreach
81%
RihannaMusic
78.7%
Alicia KeysFire
78.1%
Alicia KeysYou
78%
Taylor SwiftSpace
74.5%
ShakiraWherever
73.9%
Hint Answer % Correct
Christina AguileraMan
71.4%
Amy WinehouseBlack
70.9%
Taylor SwiftTrouble
67.3%
Amy WinehouseSoul
66.1%
RihannaRoulette
59.1%
Lady GagaGlory
58.6%
Taylor SwiftStory
55.1%
RihannaReplay
53.3%
Britney SpearsMore
53.3%
Shania TwainAlways
51.6%
MadonnaBow
50.5%
Katy PerryVegas
50.3%
MadonnaBonita
50.1%
Amy WinehouseGood
46.6%
ShakiraWolf
46.5%
Alicia KeysAnything
44%
Lady GagaNight
39.3%
BeyoncéAlarm
31.2%

You're not logged in!

Compare scores with friends on all Sporcle quizzes.
OR
Log In

You Might Also Like...

Show Comments

Extras

Top Quizzes Today


Score Distribution

Your Account Isn't Verified!

In order to create a playlist on Sporcle, you need to verify the email address you used during registration. Go to your Sporcle Settings to finish the process.

Report this User

Report this user for behavior that violates our Community Guidelines.

Details: